Catálogo público

Diseño de un sistema para la prepatración de deyecciones cunícolas (Record no. 100312)

MARC details
000 -CABECERA
campo de control de longitud fija 02832nam a2200445 a 4500
003 - IDENTIFICADOR DEL NÚMERO DE CONTROL
campo de control CHAP
005 - FECHA Y HORA DE LA ÚLTIMA TRANSACCIÓN
campo de control 20250122114858.0
007 - CAMPO FIJO DE DESCRIPCIÓN FÍSICA--INFORMACIÓN GENERAL
campo de control de longitud fija cr ||||||a|c|a
008 - DATOS DE LONGITUD FIJA--INFORMACIÓN GENERAL
campo de control de longitud fija 110121s2010 mx r 00010 spa d
035 ## - NÚMERO DE CONTROL DEL SISTEMA
Número de control de sistema 111971
040 ## - FUENTE DE LA CATALOGACIÓN
Centro/agencia transcriptor CHAP
090 ## - LOCALMENTE ASIGNADO TIPO-LC NÚMERO DE CLASIFICACIÓN (OCLC); NÚMERO DE CLASIFICACIÓN LOCAL (RLIN)
Número de clasificación (OCLC) (R) ; Numero de clasificación, CALL (RLIN) (NR) Tesis
100 1# - ENTRADA PRINCIPAL--NOMBRE DE PERSONA
Nombre de persona López Gómez, Jesús Antonio.
9 (RLIN) 67940
245 10 - MENCIÓN DE TÍTULO
Título Diseño de un sistema para la prepatración de deyecciones cunícolas
Mención de responsabilidad, etc. /por Jesús Antonio López Gómez y Damian Martínez Nolasco; director de tesis Pedro Cruz Meza.
264 #1 - PRODUCCIÓN, PUBLICACIÓN, DISTRIBUCIÓN, FABRICACIÓN Y COPYRIGHT
Producción, publicación, distribución, fabricación y copyright Chapingo, Méx. :
Nombre del de productor, editor, distribuidor, fabricante El autor,
Fecha de producción, publicación, distribución, fabricación o copyright 2010.
300 ## - DESCRIPCIÓN FÍSICA
Extensión 1 recurso en línea (118 páginas):
Otras características físicas cuadros, figuras.
336 ## - TIPO DE CONTENIDO
Fuente rdacontent
Término de tipo de contenido texto
Código de tipo de contenido txt
337 ## - TIPO DE MEDIO
Fuente rdamedia
Nombre/término del tipo de medio computadora
Código del tipo de medio c
338 ## - TIPO DE SOPORTE
Fuente rdacarrier
Nombre/término del tipo de soporte recursos en línea
Código del tipo de soporte cr
502 ## - NOTA DE TESIS
Tipo de título Ingeniería Mecánica Agrícola
Nombre de la institución que otorga el título Departamento de Ingeniería Mecánica Agrícola,
Año de obtención del título 2010.
Información miscelánea Licenciatura
520 ## - SUMARIO, ETC.
Sumario, etc. El objetivo de este trabajo es el diseño de un sistema capaz de realizar la separación de las deyecciones sólidas de las líquidas de los conejos. Esto permitirá a los productores dar una alternativa de uso a los desechos de sus animales además de conseguir un incentivo por el mismo. Con este sistema se pretende además tener mayor higiene dentro de las granjas cunícolas a fin de evitar enfermedades. Una vez obtenida la orina de conejo será procesada para su posterior utilización como fijador para perfumes o fertilizante foliar. Las deyecciones sólidas serán utilizadas para hacer compostaje junto con otros materiales orgánicos. Aspectos a los que se le dieron mayor importancia son el bajo precio de su construcción o adquisición, alta productividad, fácil manejo que permita a una persona realizar la limpieza total del área cunícola y fácil mantenimiento. Equipado de una banda transportadora tipo malla que no permitirá el paso de las deyecciones sólidas, si no las llevara hasta uno de los extremos para depositarlos en un contenedor para su posterior desalojo mientras que la orina caerá libremente por unas lonas dispuestas en forma de canal para dejarlas en un depósito.
650 14 - PUNTO DE ACCESO ADICIONAL DE MATERIA--TÉRMINO DE MATERIA
Término de materia o nombre geográfico como elemento de entrada Conejos
Subdivisión general Alojamiento.
9 (RLIN) 26354
650 14 - PUNTO DE ACCESO ADICIONAL DE MATERIA--TÉRMINO DE MATERIA
Término de materia o nombre geográfico como elemento de entrada Maquinaria agrícola
Subdivisión general Diseño.
9 (RLIN) 71168
700 1# - PUNTO DE ACCESO ADICIONAL--NOMBRE DE PERSONA
Nombre de persona Martínez Nolasco, Damian.
9 (RLIN) 72346
700 1# - PUNTO DE ACCESO ADICIONAL--NOMBRE DE PERSONA
Nombre de persona Cruz Meza, Pedro
9 (RLIN) 29508
Término indicativo de función/relación Director de tesis.
856 ## - LOCALIZACIÓN Y ACCESO ELECTRÓNICOS
Identificador Uniforme del Recurso http://10.13.5.2/tesis/111971.pdf
Nota pública DESCARGAR PDF
942 ## - ELEMENTOS DE PUNTO DE ACCESO ADICIONAL (KOHA)
Tipo de ítem Koha Tesis digital
Fuente del sistema de clasificación o colocación Clasificación Universidad Autónoma Chapingo
590 ## - NOTA LOCAL (RLIN)
Nota local ALEPH
Procedencia (VM) [OBSOLETO] 10
Condición del los carretes individuales (VM) [OBSOLETO] 20130110
590 ## - NOTA LOCAL (RLIN)
Nota local BATCH-UPD
Procedencia (VM) [OBSOLETO] 10
Condición del los carretes individuales (VM) [OBSOLETO] 20130110
590 ## - NOTA LOCAL (RLIN)
Nota local BATCH-UPD
Procedencia (VM) [OBSOLETO] 10
Condición del los carretes individuales (VM) [OBSOLETO] 20130410
590 ## - NOTA LOCAL (RLIN)
Nota local BATCH-UPD
Procedencia (VM) [OBSOLETO] 10
Condición del los carretes individuales (VM) [OBSOLETO] 20130914
590 ## - NOTA LOCAL (RLIN)
Nota local BATCH-UPD
Procedencia (VM) [OBSOLETO] 10
Condición del los carretes individuales (VM) [OBSOLETO] 20140324
590 ## - NOTA LOCAL (RLIN)
Nota local BATCH-UPD
Procedencia (VM) [OBSOLETO] 10
Condición del los carretes individuales (VM) [OBSOLETO] 20141002
590 ## - NOTA LOCAL (RLIN)
Nota local CONVERSION
Procedencia (VM) [OBSOLETO] 10
Condición del los carretes individuales (VM) [OBSOLETO] 20130109
901 ## - ELEMENTOS DE DATOS A LOCAL LDA (RLIN)
a BK
949 ## - PROCESAMIENTO DE INFORMACIÓN LOCAL (OCLC)
b BC
c TES
d 33724002228082
e TS2
f c.2
h 51857
i 111971
s b
949 ## - PROCESAMIENTO DE INFORMACIÓN LOCAL (OCLC)
b BC
c TES
d 33724002228124
e TS1
g DonaciØn
h 51856
i 111971
s b
Holdings
Estado de retiro Estado de pérdida Fuente del sistema de clasificación o colocación Estado dañado Restricciones de uso No para préstamo Código de colección Localización permanente Ubicación/localización actual Ubicación en estantería Fecha de adquisición Total de préstamos Signatura topográfica completa Fecha visto por última vez Precio válido a partir de Tipo de ítem Koha
    Clasificación Universidad Autónoma de Chapingo   Préstamo interno   Tesis digitales de Licenciatura Biblioteca Digital Biblioteca Digital En línea 31/12/2019   Tesis digital 31/12/2019 31/12/2019 Tesis digital